|
|
|
|
| LEADER |
00000cam a2200000 a 4500 |
| 001 |
vtls001476226 |
| 003 |
SK-MaSNL |
| 005 |
20260426004757.0 |
| 008 |
240226s2003 xo o grn 001 0 slo |
| 015 |
|
|
|a SNBA2004/08-04691
|
| 020 |
|
|
|a 8088945690
|
| 035 |
|
|
|a SNK000431527
|
| 035 |
|
|
|a urn:nbn:sk:snk-am3j2ph
|
| 035 |
|
|
|a 3A5E4613-AEE2-4BFB-81F2-F763CD7A5E52
|
| 035 |
|
|
|a urn:nbn:sk:snk-am00gfvd
|
| 040 |
|
|
|a SNK
|b slo
|c SNK
|e AACR2
|
| 041 |
0 |
|
|a slo
|
| 043 |
|
|
|a e-xo---
|
| 044 |
|
|
|a xo
|c SK
|
| 072 |
|
7 |
|a 94(437.6)
|x Dejiny Slovenska
|2 konspekt
|
| 080 |
|
|
|a 94(437.6)"1944"
|2 1997
|
| 080 |
|
|
|a 33
|2 1997
|
| 080 |
|
|
|a 94(437.6)"1944"
|2 2011
|
| 080 |
|
|
|a 338
|2 2011
|
| 080 |
|
|
|a (437.6)
|2 2011
|
| 080 |
|
|
|a (048.8)
|2 2011
|
| 100 |
1 |
|
|a Cambel, Samuel,
|d 1928-2004
|4 aut
|9 109226
|
| 245 |
1 |
0 |
|a Hospodárske pomery v Slovenskom národnom povstaní
|c Samuel Cambel
|
| 260 |
|
|
|a Banská Bystrica
|b Múzeum Slovenského národného povstania
|c 2003
|
| 300 |
|
|
|a 170 strán
|b fotografie
|c 24 cm
|
| 500 |
|
|
|a Pre Múzeum SNP vydal Trian
|
| 504 |
|
|
|a Bibliografia na strane 167-169 ; menný a miestny register ; zoznam použitých skratiek
|
| 648 |
|
7 |
|a 1944
|2 SNKPH
|9 294704
|
| 650 |
0 |
7 |
|a Slovenské národné povstanie (1944)
|2 SNKPH
|9 177948
|
| 650 |
0 |
7 |
|a hospodárske pomery
|2 SNKPH
|9 2287
|
| 651 |
|
7 |
|a Slovensko
|2 SNKPHgeo
|9 14231
|
| 655 |
|
7 |
|a štúdie
|2 SNKPH
|9 57033
|
| 655 |
|
7 |
|a monografie
|2 SNKPH
|9 70139
|
| 710 |
2 |
|
|a Trian (Banská Bystrica, Slovensko)
|4 pbl
|9 640840
|
| 919 |
|
|
|a 80-88945-69-0
|
| 958 |
|
|
|a NB
|
| 958 |
|
|
|a OND
|
| 999 |
|
|
|c 989751
|d 991681
|
| 952 |
|
|
|t P60, <03>, [BOOK], {603}
|a SNK
|b SNK
|y PREZ
|7 0
|p 17A0432998
|o snkSC 116090
|i snkKSP 7630/2004
|0 0
|1 0
|4 0
|d 2004-06-07
|f 1
|l 0
|r 2025-10-16 00:00:00
|w 2026-02-24
|
| 952 |
|
|
|t snkCAM 940.53(437.6)
|a SNKUST
|b SNKUST
|y PREZ
|7 0
|p 17A0432999
|o snkSC 116090 D1
|i snkKSP 7631/2004
|0 0
|1 0
|4 0
|d 2004-06-07
|l 0
|r 2025-03-20 00:00:00
|w 2026-02-24
|